000
00291nam a22001337a 4500
008
170329b xxu||||| |||| 00| 0 eng d
020
_a
0409951110
041
_a
eng
080
_a
616-053.2
100
_a
8
101
_a
shm
245
_a
PEDIATRIC NUTRITION
_c
SUTPHEN, J.L
942
_2
udc
_c
BK
999
_c
9039
_d
9039